00615nam a22001697a 450000500170000001000130001702000140003003500120004403700160005608200160007210000440008824500940013224600620022626000440028827000910033230000220042320220406112143.0 aUR-11512 c350.00a- aU-10067 bDBAD/PUBa- a181.452Ist aمنشی پنہ لا ل بھا ر گو  aسر ی مد بھگو ت گيتاc منشی پنہ لا ل بھا ر گو hا ر د و  bSrimad Bhagwat Geeta (Urdu)aby Munshi Panna Lal Bhargawa aRajisthanbAzizullah Sheranic2021 ء  aFarhat Manzil,Kali Paltan Near Dewanji Ka Kuan,Tonk,bRajisthane304001k8078602224l- a184 صc22 Cm(Hb)